000 01267cam a22003253a 4500
001 2135
003 PGUSA
005 20140828083011.0
008 060326s2006||||xxu|||||s|||||000 1 eng d
040 _aPGUSA
_beng
042 _adc
050 4 _aPR
245 1 0 _aStories by English Authors :
_bLondon (Selected by Scribners)
_h[electronic resource]
260 _bProject Gutenberg,
_c2006
505 0 _aThe Inconsiderate Waiter, By J. M. Barrie -- The Black Poodle, By F. Anstey -- That Brute Simmons, By Arthur Morrison -- A Rose Of The Ghetto, By I. Zangwill -- An Idyl Of London, By Beatrice Harraden -- The Omnibus, "Q" [Quiller-Couch] -- The Hired Baby, By Marie Correlli
506 _aPublic domain in the USA.
516 _aElectronic text
653 _aShort stories, English
653 _aLondon (England) -- Fiction
700 1 _aMorrison, Arthur,
_d1863-1945
700 1 _aBarrie, J. M.
_q(James Matthew),
_d1860-1937
700 1 _aCorelli, Marie,
_d1855-1924
700 1 _aZangwill, Israel,
_d1864-1926
700 1 _aHarraden, Beatrice,
_d1864-1936
700 1 _aQuiller-Couch, Arthur,
_d1863-1944
700 1 _aAnstey, F.,
_d1856-1934
830 0 _aProject Gutenberg
_v2135
856 4 0 _uhttp://www.gutenberg.org/ebooks/2135
942 _cEB
999 _c231473
_d231473